[Event "Excelsior March op"]
[Site "Toronto CAN"]
[Date "2024.03.17"]
[Round "5.1"]
[White "Rodrigue-Lemieux, Shawn"]
[Black "Cummings, David"]
[Result "1-0"]
[WhiteElo "2477"]
[BlackElo "2277"]
[PlyCount "97"]
[GameId "2160767740231364"]
[EventDate "2024.03.15"]
[EventType "swiss"]
[EventRounds "5"]
[EventCountry "CAN"]
[TimeControl "90+30"]
[WhiteClock "0:05:05"]
[BlackClock "0:01:21"]

1. e4 {[%emt 0:00:00]} c6 {[%emt 0:00:00]} 2. Nf3 {[%emt 0:00:00]} d5 {[%emt 0:00:00]} 3. d3 {[%emt 0:00:00]} Qc7 {[%emt 0:00:00]} 4. Nc3 {[%emt 0:00:00]} dxe4 {[%emt 0:00:00]} 5. dxe4 {[%emt 0:00:00]} e5 {[%emt 0:00:00]} 6. Bc4 {[%emt 0:00:00]} b5 {[%emt 0:00:00]} 7. Bb3 {[%emt 0:00:00]} h6 {[%emt 0:00:00]} 8. Ne2 {[%emt 0:00:00]} Nf6 {[%emt 0:00:00]} 9. Ng3 {[%emt 0:00:00]} Nbd7 {[%emt 0:00:00]} 10. c3 {[%emt 0:00:00]} Nc5 {[%emt 0:00:00]} 11. Bc2 {[%emt 0:00:00]} Be6 {[%emt 0:00:00]} 12. b3 {[%emt 0:00:00]} Be7 {[%emt 0:00:00]} 13. O-O {[%emt 0:00:00]} O-O {[%emt 0:00:00]} 14. Qe2 {[%emt 0:00:00]} Rfd8 {[%emt 0:00:00]} 15. Nh4 {[%emt 0:00:00]} Bg4 {[%emt 0:00:00]} 16. Qe3 {[%emt 0:00:00]} Ne6 {[%emt 0:00:00]} 17. h3 {[%emt 0:00:00]} Bc5 {[%emt 0:00:00]} 18. Qe1 {[%emt 0:00:00]} Bh5 {[%emt 0:00:00]} 19. Kh1 {[%emt 0:00:00]} a5 {[%emt 0:00:00]} 20. a3 {[%emt 0:00:00]} Kh8 {[%emt 0:00:00]} 21. Nxh5 {[%emt 0:00:00]} Nxh5 {[%emt 0:00:00]} 22. g3 {[%emt 0:00:00]} Qd7 {[%emt 0:00:00]} 23. Kg2 {[%emt 0:00:00]} Ng5 {[%emt 0:00:00]} 24. Rh1 {[%emt 0:00:00]} g6 {[%emt 0:00:00]} 25. Qe2 {[%emt 0:00:00]} Nf6 {[%emt 0:00:32]} 26. Nf3 {[%emt 0:00:00]} Nxf3 {[%emt 0:00:27]} 27. Qxf3 {[%emt 0:00:00]} Ng8 {[%emt 0:00:14]} 28. Rd1 {[%emt 0:00:00]} Qe7 {[%emt 0:02:44]} 29. Rxd8 {[%emt 0:00:00]} Rxd8 {[%emt 0:00:11]} 30. b4 {[%emt 0:00:00]} Ba7 {[%emt 0:05:34]} 31. bxa5 {[%emt 0:00:00]} Rd6 {[%emt 0:00:12]} 32. Be3 {[%emt 0:00:00]} Rf6 {[%emt 0:00:28]} 33. Qe2 {[%emt 0:00:00]} Qc7 {[%emt 0:00:47]} 34. a4 {[%emt 0:00:24]} Qxa5 {[%emt 0:02:22]} 35. Bxa7 {[%emt 0:00:08]} Qxa7 {[%emt 0:00:04]} 36. a5 {[%emt 0:00:04]} Kg7 {[%emt 0:02:08]} 37. Qe3 {[%emt 0:06:46]} Qxe3 {[%emt 0:00:53]} 38. fxe3 {[%emt 0:00:02]} Re6 {[%emt 0:00:05]} 39. a6 {[%emt 0:08:30]} Re8 {[%emt 0:00:11]} 40. Bd3 {[%emt 0:00:22]} Nf6 {[%emt 0:02:31]} 41. c4 {[%emt 0:00:22]} b4 {[%emt 0:00:43]} 42. c5 {[%emt 0:00:10]} Nd7 {[%emt 0:00:17]} 43. Ra5 {[%emt 0:00:19]} b3 {[%emt 0:00:39]} 44. Kf2 {[%emt 0:00:39]} Ra8 {[%emt 0:00:17]} 45. Ke2 {[%emt 0:00:36]} b2 {[%emt 0:01:05]} 46. Kd2 {[%emt 0:01:05]} Nxc5 {[%emt 0:00:38]} 47. Rxc5 {[%emt 0:00:13]} Rxa6 {[%emt 0:00:06]} 48. Bb1 {[%emt 0:00:29]} Kf6 {[%emt 0:01:01]} 49. Rc2 {[%emt 0:00:46]} 1-0

[Event "Ontario-ch Seniors"]
[Site "Toronto CAN"]
[Date "2023.10.06"]
[Round "1.1"]
[White "Cummings, David"]
[Black "Campbell, Brett"]
[Result "1-0"]
[WhiteElo "2402"]
[BlackElo "2074"]
[PlyCount "57"]
[GameId "2160767907030211"]
[EventDate "2023.10.06"]
[EventType "swiss"]
[EventRounds "6"]
[EventCountry "CAN"]

1. c4 Nf6 2. Nc3 g6 3. Nf3 Bg7 4. e4 d6 5. d4 O-O 6. Bd3 Bg4 7. Be2 Nc6 8. d5 Bxf3 9. gxf3 Nb8 10. f4 c5 11. Be3 Na6 12. Qd2 Nc7 13. h4 Qd7 14. Rg1 e6 15. e5 Nfe8 16. dxe6 Qxe6 17. O-O-O dxe5 18. Bxc5 Nf6 19. Bxf8 Bxf8 20. fxe5 Qxe5 21. Qg5 Bd6 22. Qxe5 Bxe5 23. Bf3 Rb8 24. h5 Ne6 25. hxg6 hxg6 26. Rde1 Bd4 27. Rxe6 Bxc3 28. Re7 Kf8 29. Rxb7 1-0

[Event "Ontario-ch Seniors"]
[Site "Toronto CAN"]
[Date "2023.10.07"]
[Round "2.1"]
[White "Bluvshtein, Ilia"]
[Black "Cummings, David"]
[Result "0-1"]
[WhiteElo "2136"]
[BlackElo "2402"]
[PlyCount "84"]
[GameId "2160767907030215"]
[EventDate "2023.10.06"]
[EventType "swiss"]
[EventRounds "6"]
[EventCountry "CAN"]

1. e4 c6 2. d4 d5 3. Nc3 dxe4 4. Nxe4 Nf6 5. Nxf6+ exf6 6. c3 Bd6 7. Bd3 O-O 8. Qc2 Re8+ 9. Ne2 h5 10. O-O h4 11. h3 Nd7 12. Bf4 Nf8 13. Bxd6 Qxd6 14. Rfe1 Be6 15. Rad1 b5 16. b3 g6 17. Ra1 f5 18. a4 a6 19. Reb1 Nh7 20. c4 b4 21. a5 c5 22. d5 Bd7 23. Qd2 Re7 24. Qh6 Qf6 25. Re1 Rae8 26. Kf1 f4 27. Nxf4 Rxe1+ 28. Rxe1 Rxe1+ 29. Kxe1 Qc3+ 30. Ke2 Qb2+ 31. Kf3 Qxb3 32. Qxh4 Bf5 33. Qd8+ Nf8 34. Ke3 Bxd3 35. Nxd3 Qxc4 36. Qd6 b3 37. Qe5 Qb5 38. d6 Qxa5 39. h4 Qb6 40. Kf3 c4 41. Nf4 b2 42. h5 b1=Q 0-1

[Event "Excelsior March Rapid"]
[Site "Toronto CAN"]
[Date "2023.03.18"]
[Round "2.6"]
[White "Cummings, David"]
[Black "Sanchez, Victor"]
[Result "1/2-1/2"]
[WhiteElo "2402"]
[BlackElo "2230"]
[PlyCount "97"]
[GameId "2160767907250356"]
[EventDate "2023.03.18"]
[EventType "swiss (rapid)"]
[EventRounds "5"]
[EventCountry "CAN"]

1. Nf3 Nf6 2. c4 g6 3. Nc3 Bg7 4. e4 d6 5. d4 O-O 6. Bd3 Bg4 7. Be2 Nc6 8. d5 Nb8 9. Be3 c6 10. O-O Na6 11. h3 Bd7 12. Nd2 e6 13. a3 exd5 14. exd5 Nc7 15. Nf3 cxd5 16. cxd5 Bf5 17. Nd4 Be4 18. Nxe4 Nxe4 19. Bf3 Re8 20. Qd3 Ng5 21. Qd2 Nxf3+ 22. Nxf3 Qd7 23. Rac1 Rec8 24. Bd4 Qf5 25. Bxg7 Kxg7 26. Rfd1 Ne8 27. Rc3 Nf6 28. Qd4 Rxc3 29. Qxc3 Rc8 30. Qb4 Qc2 31. Re1 Qc7 32. Ng5 h6 33. Ne4 Re8 34. Nxf6 Rxe1+ 35. Qxe1 Kxf6 36. Qe3 Kg7 37. Qd4+ Kh7 38. g3 b6 39. Qf6 Kg8 40. b4 b5 41. g4 a6 42. Kg2 Kh7 43. h4 Kg8 44. h5 Qc4 45. Qf3 g5 46. Qf5 Kg7 47. Qf3 Qd4 48. Kh3 Qf4 49. Kg2 1/2-1/2

[Event "Excelsior March Rapid"]
[Site "Toronto CAN"]
[Date "2023.03.18"]
[Round "4.3"]
[White "Cummings, David"]
[Black "Ibarra Chami, Luis Fernando"]
[Result "0-1"]
[WhiteElo "2402"]
[BlackElo "2560"]
[PlyCount "62"]
[GameId "2160767907250369"]
[EventDate "2023.03.18"]
[EventType "swiss (rapid)"]
[EventRounds "5"]
[EventCountry "CAN"]

1. Nf3 d5 2. e3 Nf6 3. c4 e6 4. Nc3 a6 5. b3 c5 6. cxd5 exd5 7. Bb2 Nc6 8. Rc1 Bd6 9. d4 O-O 10. Be2 cxd4 11. Nxd4 Bd7 12. O-O Qe7 13. Na4 Rad8 14. Nxc6 bxc6 15. Bd4 Ne4 16. Bxa6 c5 17. Bb2 Bxa4 18. bxa4 Bxh2+ 19. Kxh2 Qd6+ 20. Kg1 Qxa6 21. Qg4 Qh6 22. Rfd1 Rfe8 23. a5 Rd6 24. Be5 Rdd8 25. Bc7 Rc8 26. Bb6 Nxf2 27. Kxf2 Qxe3+ 28. Kf1 Rc6 29. Rxd5 Rf6+ 30. Rf5 Qxc1+ 31. Kf2 Qe1+ 0-1

[Event "Excelsior February Rapid"]
[Site "Toronto CAN"]
[Date "2023.02.11"]
[Round "1.3"]
[White "Ter-Mikaelian, Phil"]
[Black "Cummings, David"]
[Result "0-1"]
[WhiteElo "1687"]
[BlackElo "2308"]
[PlyCount "40"]
[GameId "2160767907250986"]
[EventDate "2023.02.11"]
[EventType "swiss (rapid)"]
[EventRounds "5"]
[EventCountry "CAN"]

1. e4 c6 2. d4 d5 3. exd5 cxd5 4. Bd3 Nc6 5. c3 Qc7 6. h3 g6 7. Nf3 Bg7 8. O-O Nf6 9. Re1 O-O 10. Nbd2 Bf5 11. Bxf5 gxf5 12. Nh4 e6 13. Nf1 Ne4 14. Qh5 Ne7 15. Bh6 Ng6 16. f4 Nxf4 17. Bxf4 Qxf4 18. Nf3 b5 19. Rxe4 fxe4 20. Ng5 h6 0-1

[Event "Excelsior February Rapid"]
[Site "Toronto CAN"]
[Date "2023.02.11"]
[Round "2.3"]
[White "Cummings, David"]
[Black "Oancea, Nicolae"]
[Result "1/2-1/2"]
[WhiteElo "2398"]
[BlackElo "1979"]
[PlyCount "97"]
[GameId "2160767907250994"]
[EventDate "2023.02.11"]
[EventType "swiss (rapid)"]
[EventRounds "5"]
[EventCountry "CAN"]

1. c4 c5 2. Nf3 Nc6 3. d4 cxd4 4. Nxd4 Nf6 5. Nc3 e6 6. g3 d5 7. cxd5 exd5 8. Bg2 Be7 9. O-O O-O 10. b3 Nxd4 11. Qxd4 Be6 12. Bb2 Qa5 13. Qd3 Rfd8 14. Rfd1 Rac8 15. a3 a6 16. b4 Qc7 17. Rac1 Qb8 18. Na4 Rxc1 19. Rxc1 Qd6 20. Nc5 Bc8 21. Bd4 Ne4 22. Nxe4 dxe4 23. Qxe4 Bf8 24. e3 a5 25. Rb1 axb4 26. axb4 b5 27. h4 Be6 28. Bc5 Qd2 29. Bxf8 Rxf8 30. Qd4 Qxd4 31. exd4 Bc4 32. Bf1 Rc8 33. Rc1 Kf8 34. Bxc4 bxc4 35. Kf1 Ke7 36. Ke2 Kd6 37. Ra1 Kd5 38. Kd2 Kxd4 39. Ra7 c3+ 40. Kc2 Re8 41. Rd7+ Kc4 42. Rc7+ Kxb4 43. Rb7+ Kc4 44. Rxf7 Re2+ 45. Kc1 Re1+ 46. Kc2 Re2+ 47. Kd1 Ra2 48. h5 Kd3 49. Rf3+ 1/2-1/2

[Event "Excelsior February Rapid"]
[Site "Toronto CAN"]
[Date "2023.02.11"]
[Round "3.5"]
[White "Mendes, Aaron Reeve"]
[Black "Cummings, David"]
[Result "1/2-1/2"]
[WhiteElo "2282"]
[BlackElo "2398"]
[PlyCount "124"]
[GameId "2160767907251004"]
[EventDate "2023.02.11"]
[EventType "swiss (rapid)"]
[EventRounds "5"]
[EventCountry "CAN"]

1. e4 c6 2. c4 d5 3. cxd5 cxd5 4. exd5 Nf6 5. Nc3 Nxd5 6. Nf3 Nc6 7. Bb5 e6 8. Ne5 Bd7 9. Nxd7 Qxd7 10. O-O Be7 11. d4 O-O 12. Be3 a6 13. Bd3 Rad8 14. Be4 Nf6 15. Bxc6 Qxc6 16. Qe2 b5 17. Rac1 Qb7 18. Rfd1 Rd7 19. Bf4 Rfd8 20. Be5 b4 21. Na4 Qb5 22. Qxb5 axb5 23. Nb6 Rb7 24. Bc7 Re8 25. d5 exd5 26. Nxd5 Nxd5 27. Rxd5 Rc8 28. Bf4 Rxc1+ 29. Bxc1 Bf6 30. Kf1 h6 31. Ke2 Kf8 32. Kd1 Ke7 33. Kc2 Ke6 34. Rh5 Rc7+ 35. Kb1 Rb7 36. Bd2 Be7 37. g4 Rd7 38. Kc2 Rd4 39. h3 Rd5 40. Rxd5 Kxd5 41. Kb3 Bf6 42. Kxb4 Kc6 43. Bc3 Be7+ 44. Ka5 g6 45. b4 h5 46. Ka6 hxg4 47. hxg4 f5 48. gxf5 gxf5 49. a3 Bd6 50. f3 Bf4 51. Bb2 Bd6 52. Bc1 Be5 53. f4 Bd4 54. Bd2 Bb2 55. a4 bxa4 56. b5+ Kd7 57. b6 a3 58. b7 a2 59. b8=Q a1=Q+ 60. Ba5 Qf1+ 61. Qb5+ Qxb5+ 62. Kxb5 Bc1 1/2-1/2

[Event "Excelsior February Rapid"]
[Site "Toronto CAN"]
[Date "2023.02.11"]
[Round "4.5"]
[White "Cummings, David"]
[Black "Ruchinskaya, Valerie"]
[Result "1-0"]
[WhiteElo "2398"]
[BlackElo "1538"]
[PlyCount "63"]
[GameId "2160767907251012"]
[EventDate "2023.02.11"]
[EventType "swiss (rapid)"]
[EventRounds "5"]
[EventCountry "CAN"]

1. c4 c6 2. Nf3 Nf6 3. Nc3 d5 4. e3 Bg4 5. Qb3 Qb6 6. Ne5 Qxb3 7. axb3 Be6 8. d4 Nbd7 9. f4 a6 10. c5 Bf5 11. b4 Rb8 12. Be2 Ne4 13. Nxd7 Kxd7 14. g4 Nxc3 15. bxc3 Be4 16. O-O e6 17. Bd2 g6 18. Be1 Be7 19. Bf3 Bxf3 20. Rxf3 f5 21. Rg3 Rbg8 22. Rg2 Bf6 23. Raa2 Rg7 24. Kf1 Rhg8 25. Rg1 Rb8 26. Rag2 Rbg8 27. Ke2 Ke7 28. g5 Bxg5 29. fxg5 Kd7 30. Bg3 Rf7 31. Be5 Kc8 32. h4 1-0

[Event "Excelsior February Rapid"]
[Site "Toronto CAN"]
[Date "2023.02.11"]
[Round "5.3"]
[White "Derraugh, Geordie"]
[Black "Cummings, David"]
[Result "0-1"]
[WhiteElo "2223"]
[BlackElo "2398"]
[PlyCount "92"]
[GameId "2160767907251018"]
[EventDate "2023.02.11"]
[EventType "swiss (rapid)"]
[EventRounds "5"]
[EventCountry "CAN"]

1. e4 c6 2. d4 d5 3. e5 c5 4. dxc5 e6 5. Nf3 Bxc5 6. a3 Nc6 7. b4 Be7 8. Bd3 f6 9. Bb2 Nh6 10. O-O Nf7 11. b5 Ncxe5 12. Nxe5 fxe5 13. Qh5 g6 14. Qg4 Bf6 15. Qb4 e4 16. Be2 Bxb2 17. Qxb2 O-O 18. Nd2 Qg5 19. c4 Ne5 20. h4 Qf6 21. Qd4 Ng4 22. Qxf6 Nxf6 23. Nb3 b6 24. Rfc1 Bb7 25. c5 Rad8 26. c6 Bc8 27. a4 d4 28. Bc4 Ng4 29. Rd1 d3 30. Rd2 Ne5 31. Rc1 Rf4 32. c7 Rd6 33. Rdd1 e3 34. Bxe6+ Rxe6 35. fxe3 Rf7 36. Rc3 Rd6 37. a5 Rdd7 38. axb6 axb6 39. Nd4 Rxc7 40. Ra3 Bb7 41. Ra4 Rfe7 42. h5 Nc4 43. hxg6 Nb2 44. gxh7+ Kxh7 45. Raa1 Nxd1 46. Rxd1 Rxe3 0-1

[Event "RA Winter op"]
[Site "Ottawa  CAN"]
[Date "2020.01.17"]
[Round "2.4"]
[White "Cummings, David"]
[Black "Kearnan, Daniel"]
[Result "1-0"]
[WhiteElo "2426"]
[BlackElo "1902"]
[PlyCount "85"]
[GameId "2160767907702512"]
[EventDate "2020.01.17"]
[EventType "swiss"]
[EventRounds "5"]
[EventCountry "CAN"]

1. c4 g6 2. e4 Bg7 3. d4 d6 4. Nc3 e5 5. d5 Ne7 6. h4 h5 7. Bd3 a5 8. Nge2 Na6 9. Be3 Nc5 10. Bc2 b6 11. Qd2 Ng8 12. O-O-O Bh6 13. Kb1 Bxe3 14. Qxe3 Bd7 15. f3 Qe7 16. b3 Qf8 17. f4 exf4 18. Qd4 Nh6 19. e5 Nf5 20. Bxf5 Bxf5+ 21. Ka1 O-O-O 22. exd6 Qxd6 23. Nb5 Qd7 24. Qxf4 Nd3 25. Qg3 Rhe8 26. Ned4 Ne5 27. Na7+ Kb7 28. Nac6 Qd6 29. Nxd8+ Rxd8 30. Nb5 Qf6 31. Qc3 Qg7 32. Rhe1 f6 33. c5 Rc8 34. a4 Qf8 35. d6 c6 36. Nd4 Bg4 37. Rd2 Rd8 38. b4 axb4 39. Qxb4 b5 40. axb5 Ra8+ 41. Kb1 Qf7 42. bxc6+ Kc8 43. Rb2 1-0

[Event "RA Winter op"]
[Site "Ottawa  CAN"]
[Date "2020.01.17"]
[Round "3.2"]
[White "Han, Johnathan"]
[Black "Cummings, David"]
[Result "0-1"]
[WhiteElo "2010"]
[BlackElo "2426"]
[PlyCount "106"]
[GameId "2160767907702515"]
[EventDate "2020.01.17"]
[EventType "swiss"]
[EventRounds "5"]
[EventCountry "CAN"]

1. e4 e5 2. Nf3 Nc6 3. Bc4 Nf6 4. d3 Bc5 5. c3 a6 6. O-O d6 7. Bb3 Ba7 8. Nbd2 O-O 9. h3 h6 10. Re1 Re8 11. Nf1 Be6 12. Ng3 d5 13. Qe2 d4 14. Bc2 Bc5 15. Nh4 Bf8 16. Nf3 b5 17. Qf1 dxc3 18. bxc3 b4 19. c4 Bc5 20. Be3 Nd4 21. Nxd4 Bxd4 22. Rab1 a5 23. Ne2 Bxe3 24. fxe3 Qd6 25. Red1 Red8 26. Nc1 c5 27. Qe2 Nd7 28. Qh5 Nb6 29. Ne2 Bd7 30. Rf1 Qe6 31. Ng3 Qe7 32. Nf5 Bxf5 33. Qxf5 Rd6 34. Qh5 a4 35. Qe2 Rad8 36. Rfd1 Qg5 37. Rbc1 a3 38. Bb3 Nd7 39. Rd2 Nf6 40. Rcd1 h5 41. Qf2 h4 42. Bc2 Nh5 43. Qe1 Ng3 44. Ba4 g6 45. Bb3 Kg7 46. Bc2 Qe7 47. Bb3 Qd7 48. d4 Nxe4 49. Rd3 Nc3 50. Rc1 exd4 51. exd4 Re8 52. Re3 Rxe3 53. Qxe3 Re6 0-1

[Event "RA Winter op"]
[Site "Ottawa  CAN"]
[Date "2020.01.19"]
[Round "4.1"]
[White "Cummings, David"]
[Black "Sambuev, Bator"]
[Result "1/2-1/2"]
[WhiteElo "2426"]
[BlackElo "2577"]
[PlyCount "94"]
[GameId "2160767907702520"]
[EventDate "2020.01.17"]
[EventType "swiss"]
[EventRounds "5"]
[EventCountry "CAN"]

1. c4 g6 2. e4 Bg7 3. d4 d6 4. Nc3 e5 5. d5 Ne7 6. Bd3 O-O 7. Nge2 f5 8. f3 Nd7 9. Be3 Nf6 10. Qd2 fxe4 11. Nxe4 Nf5 12. Bg5 Bd7 13. g4 Ne7 14. O-O-O Rf7 15. h4 b5 16. Nxf6+ Bxf6 17. Nc3 bxc4 18. Bxc4 Qf8 19. Ne4 Bg7 20. Be2 h6 21. Be3 Rb8 22. Kb1 Bb5 23. h5 g5 24. Bxa7 Bxe2 25. Qxe2 Ra8 26. Be3 Ra5 27. Nc3 Qa8 28. Qc4 Rxf3 29. Qe4 Rf8 30. Rh2 Qa6 31. Rf2 Ra8 32. Qf3 Rf8 33. Qe4 Ra8 34. Qf3 Kh8 35. Qf7 Rxa2 36. Qxe7 Ra1+ 37. Kc2 Rxd1 38. Nxd1 Qa4+ 39. Kd2 Qb4+ 40. Ke2 Qxg4+ 41. Kd2 Qb4+ 42. Ke2 Qc4+ 43. Ke1 Qxd5 44. Qxc7 Qh1+ 45. Kd2 Qd5+ 46. Ke1 Qh1+ 47. Kd2 Qd5+ 1/2-1/2

[Event "Aurora Fall op"]
[Site "Newmarket CAN"]
[Date "2018.10.20"]
[Round "1.3"]
[White "Cummings, David"]
[Black "Colvin, Andrew"]
[Result "1-0"]
[WhiteElo "2406"]
[BlackElo "2071"]
[PlyCount "89"]
[GameId "2160767908093560"]
[EventDate "2018.10.20"]
[EventType "swiss"]
[EventRounds "5"]
[EventCountry "CAN"]
[SourceTitle "EXT 2022"]
[Source "ChessBase"]
[SourceDate "2021.10.06"]
[SourceVersion "1"]
[SourceVersionDate "2021.10.06"]
[SourceQuality "1"]

1. c4 c6 2. Nf3 d5 3. e3 Nf6 4. Nc3 a6 5. b3 Bf5 6. Bb2 h6 7. d4 e6 8. Bd3 Ne4 9. Qc2 Bb4 10. O-O Bxc3 11. Bxc3 O-O 12. Bb2 Nd7 13. c5 Qf6 14. b4 Ng5 15. Ne1 Qg6 16. f3 Bxd3 17. Nxd3 Rfb8 18. Qd2 f5 19. a4 Nh7 20. b5 Qe8 21. bxc6 bxc6 22. Bc3 Nhf6 23. Rfb1 Qc8 24. Qc2 Rxb1+ 25. Rxb1 Rb8 26. Rb3 Rxb3 27. Qxb3 Qb8 28. Qxb8+ Nxb8 29. Ba5 Nfd7 30. Bc7 g5 31. Kf2 Kf8 32. Ke2 Ke7 33. Kd2 a5 34. Bxa5 Na6 35. Kc3 Ke8 36. Bb6 Ke7 37. Nb4 Ndb8 38. Ba7 Nxb4 39. Kxb4 Nd7 40. Bb6 Nf6 41. Bc7 Kd7 42. Be5 Ng8 43. a5 Kc8 44. a6 Ne7 45. Ka5 1-0

[Event "Aurora Fall op"]
[Site "Newmarket CAN"]
[Date "2018.10.20"]
[Round "2.3"]
[White "Munro, Allan"]
[Black "Cummings, David"]
[Result "1/2-1/2"]
[WhiteElo "2249"]
[BlackElo "2406"]
[PlyCount "111"]
[GameId "2160767908093574"]
[EventDate "2018.10.20"]
[EventType "swiss"]
[EventRounds "5"]
[EventCountry "CAN"]
[SourceTitle "EXT 2022"]
[Source "ChessBase"]
[SourceDate "2021.10.06"]
[SourceVersion "1"]
[SourceVersionDate "2021.10.06"]
[SourceQuality "1"]

1. e4 e5 2. Nf3 Nc6 3. Bb5 a6 4. Ba4 Nf6 5. O-O Be7 6. Re1 b5 7. Bb3 d6 8. c3 O-O 9. h3 Nb8 10. d3 c5 11. Nbd2 Nc6 12. Nf1 Be6 13. Ne3 h6 14. a4 b4 15. Bd5 Rc8 16. Bxc6 Rxc6 17. d4 exd4 18. cxd4 d5 19. exd5 Nxd5 20. dxc5 Bxc5 21. Nd4 Nxe3 22. Bxe3 Bxd4 23. Qxd4 Qxd4 24. Bxd4 Rd8 25. Be5 Rd2 26. Rad1 Rxd1 27. Rxd1 Bb3 28. Rd8+ Kh7 29. a5 Rc1+ 30. Kh2 Rc2 31. Kg3 Bc4 32. Kf3 b3 33. g3 Bf1 34. Rb8 Rc5 35. Bd4 Rxa5 36. Rxb3 Bxh3 37. Rb7 Be6 38. Ra7 Kg6 39. Ke3 Ra1 40. Bc3 Ra4 41. Rc7 h5 42. Rc6 Ra2 43. Rc5 f6 44. Ra5 Rxa5 45. Bxa5 Kf5 46. f3 Bd5 47. Be1 g5 48. Bf2 Bb7 49. Be1 Ke5 50. Bc3+ Ke6 51. Be1 Kd5 52. Bc3 f5 53. Bf6 g4 54. fxg4 fxg4 55. Kf4 Bc6 56. Bc3 1/2-1/2

[Event "Aurora Fall op"]
[Site "Newmarket CAN"]
[Date "2018.10.21"]
[Round "4.3"]
[White "Cummings, David"]
[Black "Dehmelt, Karl"]
[Result "1/2-1/2"]
[WhiteElo "2406"]
[BlackElo "2239"]
[PlyCount "62"]
[GameId "2160767908093599"]
[EventDate "2018.10.20"]
[EventType "swiss"]
[EventRounds "5"]
[EventCountry "CAN"]
[SourceTitle "EXT 2022"]
[Source "ChessBase"]
[SourceDate "2021.10.06"]
[SourceVersion "1"]
[SourceVersionDate "2021.10.06"]
[SourceQuality "1"]

1. c4 e5 2. Nc3 Nf6 3. Nf3 Nc6 4. e3 d6 5. d4 Be7 6. Be2 O-O 7. O-O Re8 8. d5 Nb8 9. e4 Bf8 10. Rb1 a5 11. b3 Nbd7 12. Be3 Nc5 13. Nd2 g6 14. a3 Bd7 15. b4 axb4 16. axb4 Na4 17. Qc2 Nxc3 18. Qxc3 Ra2 19. Rb2 Ra4 20. Bd1 Ra8 21. c5 Bb5 22. Re1 c6 23. dxc6 bxc6 24. cxd6 Bxd6 25. Bb3 Qe7 26. Bg5 Kg7 27. Bc2 h6 28. Bh4 Qe6 29. Bb3 Qe7 30. Bc2 Qe6 31. Bb3 Qe7 1/2-1/2

[Event "Aurora Fall op"]
[Site "Newmarket CAN"]
[Date "2018.10.21"]
[Round "5.5"]
[White "Lin, Benjamin1"]
[Black "Cummings, David"]
[Result "1/2-1/2"]
[WhiteElo "2045"]
[BlackElo "2406"]
[PlyCount "86"]
[GameId "2160767908093613"]
[EventDate "2018.10.20"]
[EventType "swiss"]
[EventRounds "5"]
[EventCountry "CAN"]
[SourceTitle "EXT 2022"]
[Source "ChessBase"]
[SourceDate "2021.10.06"]
[SourceVersion "1"]
[SourceVersionDate "2021.10.06"]
[SourceQuality "1"]

1. d4 d5 2. c4 e6 3. Nf3 Nf6 4. Qc2 Be7 5. Nbd2 Nc6 6. e3 O-O 7. a3 a6 8. Bd3 dxc4 9. Nxc4 h6 10. O-O Nd7 11. b4 Nb6 12. Nxb6 cxb6 13. Bb2 Bf6 14. Ne5 Bxe5 15. dxe5 Bd7 16. Qe2 Ne7 17. Rad1 Qe8 18. f4 Rc8 19. e4 Bb5 20. Bxb5 Qxb5 21. Qxb5 axb5 22. Rd7 Rc2 23. Rf2 Rfc8 24. Rxe7 Rxf2 25. Kxf2 Rc2+ 26. Kg3 Rxb2 27. Rxb7 Rb3+ 28. Kg4 Rxa3 29. Rxb6 Re3 30. Rxb5 Rxe4 31. Kf3 Rc4 32. Ke3 Rc2 33. Rc5 Rxg2 34. Kd4 Rxh2 35. Rc4 Kf8 36. b5 Rb2 37. Kc5 Ke7 38. Kc6 Kd8 39. b6 Kc8 40. Kd6+ Kd8 41. Kc6 Kc8 42. Kd6+ Kd8 43. Kc6 Kc8 1/2-1/2

[Event "Toronto Chess to Remember"]
[Site "Toronto CAN"]
[Date "2018.09.23"]
[Round "1"]
[White "Cummings, David"]
[Black "Oganesyan, Hayk"]
[Result "1-0"]
[WhiteElo "2335"]
[BlackElo "1859"]
[PlyCount "70"]
[GameId "2160767740412020"]
[EventDate "2018.09.23"]
[EventType "swiss (rapid)"]
[EventRounds "5"]
[EventCountry "CAN"]
[WhiteClock "0:06:39"]

1. c4 Nf6 2. Nc3 g6 3. e4 d6 4. d4 Bg7 5. Nf3 O-O 6. Be2 e5 7. d5 Na6 8. O-O Nc5 9. Qc2 a5 10. Bg5 h6 11. Be3 b6 12. Nd2 Ng4 13. Bxg4 Bxg4 14. a3 f5 15. f3 Bh5 16. b4 Nd7 17. Nb3 f4 18. Bf2 g5 19. c5 g4 20. fxg4 Bxg4 21. cxd6 cxd6 22. h3 Bh5 23. Nb5 Rc8 24. Qd3 Nf6 25. Nd2 Bg6 26. Rac1 Qd7 27. Bxb6 axb4 28. axb4 Bxe4 29. Nxe4 Nxe4 30. Qxe4 Qxb5 31. Bf2 Qb7 32. Rc6 f3 33. g3 Rxc6 34. dxc6 Qb6 35. Bxb6 h5 1-0

[Event "Toronto Chess to Remember"]
[Site "Toronto CAN"]
[Date "2018.09.23"]
[Round "2"]
[White "Puri, Vinny"]
[Black "Cummings, David"]
[Result "0-1"]
[WhiteElo "2214"]
[BlackElo "2335"]
[PlyCount "87"]
[GameId "2160767740412027"]
[EventDate "2018.09.23"]
[EventType "swiss (rapid)"]
[EventRounds "5"]
[EventCountry "CAN"]
[WhiteClock "0:00:03"]
[BlackClock "0:03:26"]

1. d4 d5 2. Nf3 Nf6 3. c4 e6 4. Nc3 Be7 5. Bg5 O-O 6. e3 Nbd7 7. Qc2 h6 8. h4 c5 9. cxd5 Nxd5 10. Bxe7 Qxe7 11. O-O-O Nxc3 12. Qxc3 cxd4 13. Qxd4 b6 14. Bb5 Nc5 15. Bc6 Bb7 16. Bxb7 Qxb7 17. Ne5 Rac8 18. Kb1 Qxg2 19. f3 Rcd8 20. Qxd8 Rxd8 21. Rxd8+ Kh7 22. Rhd1 f6 23. Nf7 Qg6+ 24. e4 Qxf7 25. b4 Na4 26. R1d7 Qg6 27. Rxa7 Qg1+ 28. Kc2 b5 29. Rdd7 Qf2+ 30. Kd3 Qxf3+ 31. Kd2 Qf2+ 32. Kd3 Nb2+ 33. Kc3 Nd1+ 34. Kd3 Qg3+ 35. Kd2 Nf2 36. Rxg7+ Qxg7 37. Rxg7+ Kxg7 38. Ke3 Nd1+ 39. Kd4 f5 40. exf5 exf5 41. Kc5 Nc3 42. a4 bxa4 43. Kc4 Ne4 44. Kd4 0-1

[Event "Toronto Chess to Remember"]
[Site "Toronto CAN"]
[Date "2018.09.23"]
[Round "3"]
[White "Cummings, David"]
[Black "Bykhovsky, Avigdor"]
[Result "1-0"]
[WhiteElo "2335"]
[BlackElo "2404"]
[PlyCount "83"]
[GameId "2160767740412030"]
[EventDate "2018.09.23"]
[EventType "swiss (rapid)"]
[EventRounds "5"]
[EventCountry "CAN"]
[WhiteClock "0:01:09"]
[BlackClock "0:01:56"]

1. c4 e5 2. Nc3 Nf6 3. Nf3 Nc6 4. e3 d6 5. d4 Bg4 6. d5 Ne7 7. Be2 Nd7 8. e4 g6 9. h4 Bg7 10. Ng5 Bxe2 11. Qxe2 h6 12. Nf3 O-O 13. h5 g5 14. g4 f6 15. Be3 Rf7 16. Nd2 c5 17. O-O a6 18. a3 Nc8 19. b4 b6 20. Rfb1 Ra7 21. Nf1 Rc7 22. Ng3 Ne7 23. bxc5 bxc5 24. Qc2 Ra7 25. Qa4 Nb6 26. Qa5 Nec8 27. Na4 Rfb7 28. Bxc5 dxc5 29. Nxc5 Rb8 30. Ne6 Qe8 31. c5 Nd7 32. Rxb8 Nxb8 33. Rb1 Nd7 34. Nf5 Bf8 35. c6 Ndb6 36. Rxb6 Nxb6 37. Qxb6 Ra8 38. Nc7 Rb8 39. Nxe8 Rxb6 40. c7 Rb1+ 41. Kg2 Rc1 42. d6 1-0